The Tamil Nadu code (Record no. 487976)

000 -LEADER
fixed length control field 00332cam a22001337a 4500
008 - FIXED-LENGTH DATA ELEMENTS--GENERAL INFORMATION
fixed length control field 180718b-- xxu||||| |||| 00| 0 eng d
082 ## - DEWEY DECIMAL CLASSIFICATION NUMBER
Classification number A42x5452 C
100 ## - MAIN ENTRY--PERSONAL NAME
Personal name Tamil Nadu. Law Department
245 ## - TITLE STATEMENT
Title The Tamil Nadu code
250 ## - EDITION STATEMENT
Edition statement 9th ed.
260 ## - PUBLICATION, DISTRIBUTION, ETC.
Place of publication, distribution, etc. Madras
Name of publisher, distributor, etc. The author
Date of publication, distribution, etc. --
300 ## - PHYSICAL DESCRIPTION
Extent 6v.
500 ## - GENERAL NOTE
General note Library has v.4-v.6
Holdings
Withdrawn status Lost status Damaged status Not for loan Permanent Location Current Location Date acquired Full call number Barcode Date last seen Price effective from Koha item type
        Indian Institute of Public Administration Indian Institute of Public Administration 2018-08-04 A42x5452 C G18148 2018-08-04 2018-08-04 G
        Indian Institute of Public Administration Indian Institute of Public Administration 2018-08-04 A42x5452 C G18147 2018-08-04 2018-08-04 G

Powered by Koha